| 000 | 00496nam a22001697a 4500 | ||
|---|---|---|---|
| 003 | BD-DhUL | ||
| 005 | 20190113120109.0 | ||
| 008 | 190113s1939 ii ||||| |||| 00| 0 urd d | ||
| 040 |
_aBD-DhUL _cBD-DhUL |
||
| 082 |
_a891.4304 _bSUN |
||
| 100 | 0 | _aسلیمان ندوی | |
| 245 | 1 | 0 |
_aنقوش سلیمانی / _cسلیمان ندوی |
| 260 |
_aاعظم گڑہ : _bمطبع معارف، _c۱۹۳۹۔ |
||
| 300 |
_aص۔ ۴۷۴ ؛ _c۲۸ سم۔ |
||
| 650 | 4 | _aUrdu literature | |
| 942 |
_2ddc _cBK |
||
| 999 |
_c245727 _d245727 |
||